ბათუმის შოთა რუსთაველის სახელმწიფო უნივერსიტეტის ბიბლიოთეკა

Международное частное право : (ბიბ.ჩანაწერი № 36028)

000 -LEADER
fixed length control field 00885nam a2200241Ia 4500
001 - CONTROL NUMBER
control field 1927
003 - CONTROL NUMBER IDENTIFIER
control field GE_BSU
005 - DATE AND TIME OF LATEST TRANSACTION
control field 20221010152510.0
008 - FIXED-LENGTH DATA ELEMENTS--GENERAL INFORMATION
fixed length control field 181216s2006ru xx |||||||||||||| ||rus||
020 ## - INTERNATIONAL STANDARD BOOK NUMBER
International Standard Book Number 797506483
040 ## - CATALOGING SOURCE
Transcribing agency GE_BSU
041 ## - LANGUAGE CODE
Language code of text/sound track or separate title rus
080 ## - UNIVERSAL DECIMAL CLASSIFICATION NUMBER
Universal Decimal Classification number 341.9(075.8) Б-74
100 ## - MAIN ENTRY--PERSONAL NAME
Personal name Богуславский, М.М.
9 (RLIN) 15198
245 ## - TITLE STATEMENT
Title Международное частное право :
Remainder of title Учебник длия студ. высш. учеб. завед. /
Statement of responsibility, etc. М.М. Богуславский.
250 ## - EDITION STATEMENT
Edition statement Изд. 5-ое перер и доп
264 ## - PRODUCTION, PUBLICATION, DISTRIBUTION, MANUFACTURE, AND COPYRIGHT NOTICE
Place of production, publication, distribution, manufacture Москва :
Name of producer, publisher, distributor, manufacturer Юристь,
Date of production, publication, distribution, manufacture, or copyright notice 2006.
300 ## - PHYSICAL DESCRIPTION
Extent 606 с. :
Other physical details 21 см.
653 ## - INDEX TERM--UNCONTROLLED
keyword Международное частное право.
653 ## - INDEX TERM--UNCONTROLLED
keyword საერთაშორისო კერძო სამართალი
653 ## - INDEX TERM--UNCONTROLLED
keyword სამართალი
942 ## - ADDED ENTRY ELEMENTS (KOHA)
Koha item type წიგნი
Source of classification or shelving scheme
ეგზემპლარები
Withdrawn status Lost status Source of classification or shelving scheme Damaged status Not for loan Permanent Location Current Location Shelving location Date acquired Cost, normal purchase price Full call number Barcode Date last seen Copy number Price effective from Koha item type Public note
          ბათუმის შოთა რუსთაველის სახელმწიფო უნივერსიტეტის მთავარი ბიბლიოთეკა ბათუმის შოთა რუსთაველის სახელმწიფო უნივერსიტეტის მთავარი ბიბლიოთეკა წიგნსაცავი 2018-12-17 25.00 341.9(075.8) Б-74 3922 2018-12-17 3922 2018-12-17 წიგნი 25.00